Teoría de la democracia

Sparad:
Bibliografiska uppgifter
Huvudupphovsman: Sartori, Giovanni (Författare, medförfattare)
Materialtyp: Bok
Språk:spanska
Publicerad: Madrid Alianza 1988
Serie:Alianza Universidad. Ciencias Sociales, 567
Ämnen:
Taggar: Lägg till en tagg
Inga taggar, Lägg till första taggen!

MARC

LEADER 00000nam a2200000 a 4500
001 UCV1876
003 CL-VaPUC
008 910520e19880000SP |||||||||||||||||spa|d
082 0 4 |a 321.8  |b SAR  |2 21 
100 0 |a Sartori, Giovanni  |e author  |9 296055 
245 1 0 |a Teoría de la democracia 
300 |a 2 v 
942 |c BK 
945 |d 19910520 00:00:00 
260 |a Madrid  |b Alianza  |c 1988 
500 |a v.1: El debate contemporaneo 
500 |a v.2: Los problemas clasicos 
650 0 |a Democracia  |9 255256 
583 |a last modification  |c 19910520 00:00:00  |k Rodrigo Vera 
490 0 |a Alianza Universidad. Ciencias Sociales, 567 
999 |c 209637  |d 209635 
952 |0 0  |1 0  |4 0  |6 321_800000000000000_SAR_1988  |7 0  |8 A  |9 185188  |a BIBHIS  |b BIBHIS  |d 2019-11-14  |h v.1  |i 2526549  |o 321.8 SAR 1988  |p 2526549  |r 2025-01-20  |w 2019-11-14  |y BK  |k HIS 
952 |0 0  |1 0  |4 0  |6 321_800000000000000_SAR_1988  |7 0  |8 A  |9 185189  |a BIBHIS  |b BIBHIS  |d 2019-11-14  |h v.2  |i 2526557  |o 321.8 SAR 1988  |p 2526557  |r 2025-01-20  |w 2019-11-14  |y BK  |k HIS 
952 |0 0  |1 0  |4 0  |6 321_800000000000000_SAR_1988  |7 0  |8 DER_TF  |9 185190  |a BIBDER  |b BIBDER  |d 2019-11-14  |h v.1  |i 2526565  |l 1  |o 321.8 SAR 1988  |p 2526565  |r 2025-03-12  |s 2025-03-04  |w 2019-11-14  |x Ubicación 4to Piso  |y BK  |z Estos recursos deben solicitarse con anticipación  |k DER 
952 |0 0  |1 0  |4 0  |6 321_800000000000000_SAR_1988  |7 0  |8 DER_TF  |9 185191  |a BIBDER  |b BIBDER  |d 2019-11-14  |h v.2  |i 2526573  |l 1  |o 321.8 SAR 1988  |p 2526573  |r 2025-03-12  |s 2025-03-04  |w 2019-11-14  |x Ubicación 4to Piso  |y BK  |z Estos recursos deben solicitarse con anticipación  |k DER